[Event "FSGM June"]
[Site "Budapest HUN"]
[Date "2009.06.06"]
[Round "1"]
[White "Kislik,E"]
[Black "Horvath,Cs1"]
[Result "0-1"]
[WhiteElo "2314"]
[BlackElo "2518"]

1.e4 c5 2.Nf3 e6 3.d4 cxd4 4.Nxd4 a6 5.Bd3 Bc5 6.Nb3 Be7 7.Be3 Nf6 8.N1d2 Nc6
9.f4 O-O 10.c3 e5 11.Nf3 d6 12.Qe2 Bg4 13.Rd1 Qc7 14.h3 Bxf3 15.Qxf3 exf4
16.Bxf4 Ne5 17.Qe2 Nfd7 18.O-O Rfe8 19.Nd4 g6 20.Bc2 Nc5 21.Rf2 Bh4 22.g3 Bf6
23.Rdf1 Re7 24.Nf3 Rf8 25.Nxe5 Bxe5 26.Qd2 Bxf4 27.Qxf4 Qc6 28.Rd1 Nxe4 29.Bxe4 Rxe4
30.Qxd6 Re1+ 31.Rf1 Rxf1+ 32.Kxf1 Qh1+ 33.Kf2 Qh2+ 34.Kf3 Re8 35.Qd3 Qxh3
36.Rg1 h5 37.Kf2 Re5 38.Rg2 Qe6 39.Kg1 Qxa2  0-1

[Event "XXXI Nezhmetdinov Mem"]
[Site "Kazan RUS"]
[Date "2009.06.06"]
[Round "7"]
[White "Sherbakov,R"]
[Black "Rodchenkov,S"]
[Result "1-0"]
[WhiteElo "2500"]
[BlackElo "2306"]

1.e4 c5 2.Nf3 e6 3.d4 cxd4 4.Nxd4 a6 5.Bd3 Bc5 6.Nb3 Ba7 7.Qg4 Nf6 8.Qg3 d6
9.Nc3 Nc6 10.Bg5 Ne5 11.Be2 h6 12.Bf4 Bb8 13.O-O-O Qe7 14.Be3 Ng6 15.f4 O-O
16.Bf3 d5 17.e5 Nd7 18.h4 Qe8 19.Qf2 Ne7 20.Nd4 Nc6 21.Kb1 Nxd4 22.Bxd4 f6
23.exf6 Nxf6 24.Rhe1 Qg6 25.g3 Bd7 26.Be2 Bc7 27.Bd3 Qg4 28.Be2 Qg6 29.Bd3 Qg4
30.Be5 Ba5 31.Rf1 Rac8 32.Qe3 Rc6 33.Be2 Qg6 34.h5 Qf7 35.g4 Bb6 36.Bd4 Bxd4
37.Rxd4 Ne8 38.a3 Nd6 39.Bd3 Nc4 40.Bxc4 Rxc4 41.Rxc4 dxc4 42.Rd1 Bc8 43.Ne2 Qc7
44.g5 hxg5 45.fxg5 e5 46.h6 Bg4 47.Rg1 Be6 48.Nc3 b5 49.Ne4 Bf5 50.Nf6+ Kh8
51.Nh5 g6 52.Nf6 Rd8 53.Re1  1-0

[Event "ch-Mayo Nacional"]
[Site "Buga COL"]
[Date "2009.06.07"]
[Round "7"]
[White "Mateus,Al"]
[Black "Ruiz Aguilar,P"]
[Result "1/2-1/2"]
[WhiteElo "2220"]
[BlackElo "2212"]

1.e4 c5 2.Nf3 e6 3.d4 cxd4 4.Nxd4 a6 5.Bd3 Qc7 6.O-O Nf6 7.Kh1 d5 8.exd5 Nxd5
9.f4 Bc5 10.Nb3 Be3 11.f5 Bxc1 12.Qxc1 exf5 13.Re1+ Kf8 14.c4 Nf4 15.Qe3 g6
16.Nc3 Be6 17.Qd4 Rg8 18.Nc5 Nc6 19.Qf6 Qe7 20.Nxe6+ Nxe6 21.Nd5 Qxf6 22.Nxf6 Rh8
23.a3 Kg7 24.Nd5 Rad8 25.Bf1 Rhe8 26.b4 Ncd4 27.Rad1 f4 28.a4 f3 29.gxf3 Nxf3
30.Re3 Nfd4 31.Bg2 Nf5 32.Re5 a5 33.bxa5 Nc5 34.Rxe8 Rxe8 35.Nb6 Re7 36.Rb1 Nd6
37.Rd1 Nde4 38.Bxe4 Rxe4 39.Rd5 Ne6 40.Rd7 Nd4 41.Rxb7 Re2 42.Kg1 Nf3+ 43.Kf1 Rd2
44.a6 Nxh2+ 45.Ke1 Nf3+ 46.Kf1 g5 47.a7 Nh2+ 48.Ke1 Nf3+  1/2-1/2

[Event "XXXI Nezhmetdinov Mem"]
[Site "Kazan RUS"]
[Date "2009.06.07"]
[Round "8"]
[White "Talov,N"]
[Black "Toropov,P"]
[Result "0-1"]
[WhiteElo "2089"]
[BlackElo "2176"]

1.e4 c5 2.Nf3 e6 3.d4 cxd4 4.Nxd4 a6 5.Bd3 Nc6 6.Nxc6 dxc6 7.O-O e5 8.Bc4 Qxd1
9.Rxd1 Nf6 10.Bg5 Bc5 11.h3 Bxf2+ 12.Kh1 Ke7 13.Nd2 b5 14.Bb3 h6 15.Bxf6+ gxf6
16.Rf1 Bc5 17.Nf3 Rd8 18.Nh4 Rd2 19.Nf5+ Bxf5 20.Rxf5 Rg8 21.g4 Be3 22.Rf3 Bf4
23.Rc3 Rgd8 24.Rxc6 Rh2+ 25.Kg1 Rdd2 26.Rc3 Rhe2 27.Rd3 Be3+ 28.Kf1 Rf2+
29.Ke1 Rde2+ 30.Kd1 Bd2 31.c3 Re1+ 32.Kc2 Be3+  0-1

[Event "1st SCS GM Open"]
[Site "Bhubaneswar IND"]
[Date "2009.06.08"]
[Round "3"]
[White "Sangma,R"]
[Black "Hossain,Enam"]
[Result "1/2-1/2"]
[WhiteElo "2312"]
[BlackElo "2531"]

1.e4 c5 2.Nf3 e6 3.d4 cxd4 4.Nxd4 a6 5.Bd3 Bc5 6.Nb3 Ba7 7.Qg4 Nf6 8.Qxg7 Rg8
9.Qh6 Rxg2 10.e5 Ng8 11.Qxh7 d5 12.Bf1 Rg6 13.Bd3 Rg2 14.Bf1 Rg6 15.Bd3 Rg2  1/2-1/2

[Event "ch-Mayo Nacional"]
[Site "Buga COL"]
[Date "2009.06.08"]
[Round "9"]
[White "Mateus,Al"]
[Black "Morales,Jo"]
[Result "0-1"]
[WhiteElo "2220"]
[BlackElo "2316"]

1.e4 c5 2.Nf3 e6 3.d4 cxd4 4.Nxd4 a6 5.Bd3 Bc5 6.Nb3 Be7 7.O-O d6 8.f4 Nd7
9.Qe2 Qc7 10.a4 Ngf6 11.N1d2 O-O 12.Nf3 e5 13.Nh4 g6 14.f5 d5 15.fxg6 hxg6
16.Bh6 Re8 17.Kh1 dxe4 18.Bc4 Nf8 19.Nd2 Be6 20.Bxe6 Nxe6 21.Nxe4 Nf4 22.Nxf6+ Bxf6
23.Qg4 Qc8 24.Qg3 Nh5 25.Qf2 Qc4 26.Nf5 Qe6 27.Ne3 Bg7 28.Bxg7 Kxg7 29.Rad1 Rad8
30.c4 Nf4 31.Qf3 Qc6 32.Qxc6 bxc6 33.c5 Nd3 34.Rd2 e4 35.Rc2 Rb8 36.Nc4 Rb4
37.Nd6 Re7 38.Nc8 Re6 39.Nd6 f5 40.Kg1 e3  0-1

[Event "1st SCS GM Open"]
[Site "Bhubaneswar IND"]
[Date "2009.06.11"]
[Round "7"]
[White "Ismagambetov,An"]
[Black "Debashis,D"]
[Result "1-0"]
[WhiteElo "2525"]
[BlackElo "2352"]

1.e4 c5 2.Nf3 e6 3.d4 cxd4 4.Nxd4 a6 5.Bd3 Bc5 6.Nb3 Be7 7.Be3 Nf6 8.N1d2 Nc6
9.Qe2 O-O 10.f4 d6 11.O-O b6 12.c3 Bb7 13.a4 Nd7 14.Nd4 Nc5 15.Bc2 Bf6 16.Rac1 e5
17.Nf5 exf4 18.Bxf4 Ne5 19.Nf3 Ne6 20.Bg3 Qc7 21.Nxe5 Bxe5 22.Qg4 Kh8 23.Bb3 Rad8
24.Rcd1 Bc8 25.Qe2 Bxg3 26.Nxg3 Nc5 27.Bc2 Nd7 28.Rd4 Ne5 29.Nf5 g6 30.Ne3 Bb7
31.Kh1 Kg7 32.Bb3 a5 33.Bd5 Bc8 34.h3 Bd7 35.Qf2 f5 36.exf5 Bxf5 37.Rf4 Qd7
38.Be4 Kh8 39.Nxf5 gxf5 40.Bxf5 Qc7 41.Qh4 Rf7 42.Bxh7  1-0

[Event "TCh-BUL"]
[Site "Sunny Beach BUL"]
[Date "2009.06.11"]
[Round "4"]
[White "Ermenkov,Evgenij"]
[Black "Velikov,P"]
[Result "0-1"]
[WhiteElo "2456"]
[BlackElo "2420"]

1.e4 c5 2.Nf3 e6 3.d4 cxd4 4.Nxd4 a6 5.Bd3 Ne7 6.O-O Nbc6 7.Nb3 Ng6 8.c4 Qc7
9.f4 Nb4 10.Nc3 Nxd3 11.Qxd3 d6 12.Be3 Be7 13.Na4 Bd7 14.Nb6 Rd8 15.Rac1 O-O
16.g3 Bf6 17.Rc2 Ne7 18.a4 Nc6 19.Qd2 Be7 20.Rd1 Be8 21.a5 f5 22.exf5 Rxf5
23.Nd4 Nxd4 24.Bxd4 Bf8 25.Qe1 Bf7 26.Qd2 Bh5 27.Re1 Re8 28.b4 e5 29.Nd5 Qf7
30.Bb6 exf4 31.Rxe8 Qxe8 32.Nxf4 Bf7 33.Bd4 g5 34.Ng2 Qe4 35.Rc1 h6 36.Re1 Qc6
37.Ne3 Rf3 38.Ba1 Bg6 39.Qe2 Qe4 40.Nd5 Qxe2 41.Rxe2 Rb3 42.Bd4 Bd3 43.Rf2 Rb1+
44.Kg2 Be4+ 45.Kh3 Bxd5 46.cxd5 Rxb4 47.Bb6 Rb5 48.Rf5 Rb2 49.g4 Bg7 50.Rf2 Rxf2
51.Bxf2 Kf7 52.Kg2 Bc3 53.Bb6 Kf6 54.h4 gxh4 55.Kh3 Ke5 56.Kxh4 Bd2 57.Kh5 Kxd5
58.Bd8 Ke4 59.Bf6 d5 60.Bg7 d4 61.Bxh6 Bxh6 62.Kxh6 d3  0-1

[Event "13th Open"]
[Site "Voronezh RUS"]
[Date "2009.06.12"]
[Round "1"]
[White "Kokarev,Dm"]
[Black "Ogloblin,N"]
[Result "1-0"]
[WhiteElo "2603"]
[BlackElo "2367"]

1.e4 c5 2.Nf3 e6 3.d4 cxd4 4.Nxd4 a6 5.Bd3 Qb6 6.Nf3 Nc6 7.O-O d6 8.Na3 Nf6
9.Nc4 Qc7 10.a4 b6 11.Bf4 Bb7 12.c3 Nd7 13.Re1 Nce5 14.Nfxe5 dxe5 15.Bg5 h6
16.Bh4 g5 17.Bg3 h5 18.h3 Rd8 19.b4 Be7 20.Ra2 g4 21.hxg4 h4 22.Bh2 Bg5 23.Rc2 f6
24.Qe2 Nf8 25.Nd2 Ng6 26.Nf3 a5 27.Ba6 Bxa6 28.Qxa6 axb4 29.Qb5+ Kf7 30.Qxb4 Rd3
31.Rb2 Rhd8 32.Qxb6 Qxc3 33.Rbb1 R8d7 34.Qb4 Rxf3 35.gxf3 Qxf3 36.Rb3 Qxg4+
37.Kh1 Bd2 38.Qb5 Rc7 39.Qe2 Qg5 40.Rg1 Qh6 41.Rd3 Bb4 42.Qg4 Rc1 43.Rd7+ Be7
44.Rxc1 Qxc1+ 45.Rd1 Qc4 46.Rg1  1-0

[Event "13th Open"]
[Site "Voronezh RUS"]
[Date "2009.06.12"]
[Round "1"]
[White "Semenova,Ir"]
[Black "Kalegin,E"]
[Result "1/2-1/2"]
[WhiteElo "2263"]
[BlackElo "2490"]

1.e4 c5 2.Nf3 e6 3.d4 cxd4 4.Nxd4 a6 5.Bd3 Nf6 6.O-O d6 7.c4 g6 8.Nc3 Bg7
9.Be3 O-O 10.Rc1 b6 11.f3 Bb7 12.b4 Nbd7 13.Qd2 Rc8 14.Na4 Qc7 15.Rfd1 Rfe8
16.Kh1 Bf8 17.Bf1 Qb8 18.Nb3 Bc6 19.Nc3 Ba8 20.a3 Ne5 21.Na4 Nfd7 22.Qf2 Rc6
23.Nd4 Rc7 24.Nb3 Rc6 25.Nd4 Rc7  1/2-1/2

[Event "FSGM June"]
[Site "Budapest HUN"]
[Date "2009.06.13"]
[Round "7"]
[White "Kislik,E"]
[Black "Fogarasi,T"]
[Result "0-1"]
[WhiteElo "2314"]
[BlackElo "2426"]

1.e4 c5 2.Nf3 e6 3.d4 cxd4 4.Nxd4 a6 5.Bd3 Bc5 6.Nb3 Be7 7.Be3 Nf6 8.N1d2 Nc6
9.f4 O-O 10.c3 e5 11.O-O d5 12.h3 dxe4 13.Nxe4 Nd5 14.Bc1 Nxf4 15.Bxf4 exf4
16.Rxf4 Be6 17.Qc2 Ne5 18.Be2 f5 19.Ned2 Bg5 20.Rff1 Be3+ 21.Kh1 f4 22.Rad1 Bf5
23.Ne4 Qh4 24.Kh2 Rae8 25.Nbd2 Bxd2  0-1

[Event "13th FIDE Open"]
[Site "Voronezh RUS"]
[Date "2009.06.13"]
[Round "2"]
[White "Klimentov,R"]
[Black "Grishchenko,V"]
[Result "1-0"]
[WhiteElo "2246"]
[BlackElo "2088"]

1.e4 c5 2.Nf3 e6 3.d4 cxd4 4.Nxd4 a6 5.Bd3 Nc6 6.Nxc6 dxc6 7.Nd2 Qc7 8.O-O e5
9.Nc4 b5 10.Ne3 g6 11.a4 Rb8 12.axb5 axb5 13.Bd2 Bc5 14.Ba5 Qe7 15.Qd2 Nf6
16.b4 Bd4 17.c3 Ba7 18.c4 Bd4 19.Rac1 O-O 20.cxb5 cxb5 21.Rc7 Qd6 22.Rfc1 Bd7
23.Bb1 Kh8 24.Qd3 Qe6 25.Nc2 Bb2 26.Rd1 Bc6 27.f3 Ne8 28.Ba2 Qxa2 29.Rxc6 Ng7
30.Qd5 Qa4 31.Rb1 Bd4+ 32.Nxd4 exd4 33.Qxd4 Qa2 34.Ra1 Qe2 35.Bc7 Ra8 36.Rcc1 Kg8
37.Bb6 Ne6 38.Qe3 Qb2 39.Rxa8 Rxa8 40.Qc3 Ra2 41.Qxb2 Rxb2 42.Rc8+ Kg7 43.Bc5 Nxc5
44.bxc5 Kf6 45.c6 Ke5 46.Rd8 Kf4 47.c7 Ke3 48.h4  1-0

[Event "1st SCS GM Open"]
[Site "Bhubaneswar IND"]
[Date "2009.06.14"]
[Round "10"]
[White "Vokarev,S"]
[Black "Maheswaran,P"]
[Result "1-0"]
[WhiteElo "2521"]
[BlackElo "2340"]

1.e4 c5 2.Nf3 e6 3.d4 cxd4 4.Nxd4 a6 5.Bd3 Nf6 6.O-O Qc7 7.Qe2 d6 8.c4 Be7
9.b3 Nbd7 10.Bb2 b6 11.Nc3 Bb7 12.Rae1 O-O 13.f4 Rfd8 14.Nf3 Nh5 15.g3 Nhf6
16.Bb1 g6 17.h3 Nh5 18.Kh2 Bf6 19.Qe3 Qc5 20.Rf2 Bg7 21.Rd2 Qc7 22.Red1 Nf8
23.Ba3 b5 24.Bxd6 Qc6 25.c5 Rac8 26.b4 a5 27.a3 axb4 28.axb4 Ra8 29.Nd4 Qe8
30.Ndxb5 e5 31.Nc7 exf4 32.gxf4 Bxc3 33.Nxe8 Bxd2 34.Rxd2 Rxe8 35.b5 Bxe4
36.Bxe4 Ra4 37.Be5  1-0

[Event "TCh-BUL w"]
[Site "Sunny Beach BUL"]
[Date "2009.06.14"]
[Round "7"]
[White "Vladimirova,M"]
[Black "Pionova,S"]
[Result "0-1"]
[WhiteElo "2084"]
[BlackElo "2034"]

1.e4 c5 2.Nf3 e6 3.d4 cxd4 4.Nxd4 a6 5.Bd3 Qc7 6.O-O Nf6 7.Nc3 Be7 8.Be3 O-O
9.Kh1 d6 10.f4 Nbd7 11.g4 Nc5 12.g5 Nfd7 13.Rf3 Re8 14.Rh3 g6 15.Be2 b5 16.a3 Bb7
17.Bf3 Bf8 18.Qe1 f5 19.Qh4 Nb6 20.Re1 Nc4 21.Bc1 Nxe4 22.Nxe4 Bxe4 23.Bxe4 fxe4
24.Rxe4 Qb7 25.Kg1 e5 26.Ne2 d5 27.Rxc4 dxc4 28.f5 Bc5+ 29.Be3 Bxe3+ 30.Rxe3 gxf5
31.Rh3 f4 32.Nc3 Rad8 33.Qh5 Qb6+ 34.Kf1 Qg6 35.Qe2 Rd4 36.Rf3 Qf5 37.Qf2 Red8  0-1

[Event "XLIV Capablanca Memorial Open"]
[Site "Havana CUB"]
[Date "2009.06.16"]
[Round "8"]
[White "Figueredo,L"]
[Black "Lorenzana,W"]
[Result "0-1"]
[WhiteElo "2419"]
[BlackElo "2215"]

1.e4 c5 2.Nf3 e6 3.d4 cxd4 4.Nxd4 a6 5.Bd3 Bc5 6.Be3 d6 7.Nc3 Nf6 8.Qe2 Qc7
9.O-O-O O-O 10.Rhg1 e5 11.Nb3 Bxe3+ 12.Qxe3 Be6 13.g4 Nc6 14.f4 exf4 15.Qxf4 Ne5
16.Nd4 b5 17.g5 Nh5 18.Qh4 Nxd3+ 19.Rxd3 g6 20.Rgd1 b4 21.Nd5 Bxd5 22.exd5 Rae8
23.Nc6 a5 24.Qf2 Re4 25.Rd4 Ree8 26.Qf3 Qd7 27.Re4 Rxe4 28.Qxe4 Re8 29.Qf3 Ng7
30.h4 Nf5 31.Qf2 Re4 32.Re1 Qe8 33.Kd2 Kg7 34.Nxa5 Rxe1 35.Qxe1 Qb5 36.Nb3 Qxd5+
37.Kc1 Qc4 38.a3 bxa3 39.bxa3 Qf4+ 40.Kb1 Nxh4 41.Qc3+ Kg8 42.Qc8+ Kg7 43.Qc3+ Kg8
44.Qc8+ Kg7 45.Qd7 h6 46.gxh6+ Kxh6 47.a4 g5 48.a5 g4 49.a6 Qf1+ 50.Kb2 Qxa6
51.Qxg4 Ng6 52.Nd4 Kg7 53.Nf5+ Kf6 54.Ng3 Qb6+ 55.Kc1 Qe3+ 56.Kb1 Ne5 57.Qf5+ Ke7
58.Ne4 Qe1+ 59.Ka2 Qa5+ 60.Kb1 Qb5+ 61.Ka2 Qd5+ 62.Kb1 Qd1+ 63.Kb2 Qd4+ 64.Kc1 Nc4
65.Qg5+ Kd7 66.Qf5+ Ke7 67.Qg5+ Ke6 68.Qg4+ Ke5  0-1

[Event "XLIV Capablanca Memorial Open"]
[Site "Havana CUB"]
[Date "2009.06.16"]
[Round "8"]
[White "Guerrero,JuC"]
[Black "Arias,Le"]
[Result "1-0"]
[WhiteElo "2202"]
[BlackElo "2406"]

1.e4 c5 2.Nf3 e6 3.d4 cxd4 4.Nxd4 a6 5.Bd3 Bc5 6.Nb3 Be7 7.Qg4 Bf6 8.c3 Nc6
9.f4 d6 10.Be3 Nge7 11.Qe2 e5 12.N1d2 exf4 13.Bxf4 Ng6 14.Bg3 Nge5 15.Nf3 O-O
16.O-O-O Be6 17.Kb1 a5 18.Bb5 Qc7 19.Nbd4 Bg4 20.h3 Bh5 21.Nf5 Rfd8 22.Ne3 Ne7
23.a4 Nxf3 24.gxf3 Be5 25.Bh4 Rf8 26.Rhg1 f6 27.Bf2 Kh8 28.Nc4 Ng6 29.Bb6 Qe7
30.Bxa5 Rxa5 31.Nxa5 f5 32.exf5 Rxf5 33.Qe4 Rf7 34.Rg4 Bxg4 35.hxg4 Nh4 36.Bc4 Rf4
37.Qd5 Qe8 38.Nxb7 Nxf3 39.a5 Qb8 40.a6 Rf8 41.Rf1  1-0

[Event "VI Moncada Elite"]
[Site "Santiago de Cuba CUB"]
[Date "2009.06.16"]
[Round "2"]
[White "Bacallao,Y"]
[Black "Arias,Le"]
[Result "1-0"]
[WhiteElo "2438"]
[BlackElo "2406"]

1.e4 c5 2.Nf3 e6 3.d4 cxd4 4.Nxd4 a6 5.Bd3 Bc5 6.Nb3 Ba7 7.Qe2 Nc6 8.Be3 Nge7
9.N1d2 d6 10.O-O e5 11.Rfd1 Bxe3 12.Qxe3 Be6 13.Bf1 Qc7 14.c3 O-O 15.Nc4 Rad8
16.Qb6 Qb8 17.Nba5 Nxa5 18.Nxa5 Rd7 19.Rd2 Nc8 20.Qb4 Qc7 21.Nc4 b5 22.Ne3 Nb6
23.Rad1 Rfd8 24.Qa3 Qc5 25.Qxa6 Bc4 26.b4 Qc6 27.Bxc4 bxc4 28.Nd5 Rb8 29.a4  1-0

[Event "Open"]
[Site "Teplice CZE"]
[Date "2009.06.16"]
[Round "4"]
[White "Kovar,V"]
[Black "Manik,M"]
[Result "1/2-1/2"]
[WhiteElo "2241"]
[BlackElo "2460"]

1.e4 c5 2.Nf3 e6 3.d4 cxd4 4.Nxd4 a6 5.Bd3 Bc5 6.Nb3 Be7 7.Qg4 Bf6 8.Qg3 Nc6
9.N1d2 b5 10.a4 Rb8 11.axb5 axb5 12.Nf3 d6 13.Bf4 e5 14.Bd2 Nge7 15.O-O O-O
16.h3 Ng6 17.Na5 Nxa5 18.Bxa5 Qd7 19.Bb4 Qc6 20.Rfe1 h6 21.Nh2 Bh4 22.Qf3 Nf4
23.Bf1 Be7 24.c3 Re8 25.g3 Ne6 26.h4 Nc7 27.Bg2 Na6 28.Nf1 Be6 29.Ne3 Nxb4
30.cxb4 Rec8 31.Ra7 Bd8 32.Bh3 Be7 33.Bg2 Rb7 34.Rea1 Qc7  1/2-1/2

[Event "13th Master Open"]
[Site "Voronezh RUS"]
[Date "2009.06.16"]
[Round "5"]
[White "Semenova,Ir"]
[Black "Kostin,Alexe"]
[Result "1-0"]
[WhiteElo "2263"]
[BlackElo "2353"]

1.e4 c5 2.Nf3 e6 3.d4 cxd4 4.Nxd4 a6 5.Bd3 Nf6 6.O-O Qc7 7.Kh1 Nc6 8.Nxc6 dxc6
9.Nd2 e5 10.Nc4 b5 11.Ne3 g6 12.a4 Bb7 13.axb5 axb5 14.Bd2 Rxa1 15.Qxa1 Bc5
16.b4 Bd4 17.c3 Bb6 18.c4 Bd4 19.Bc3 Bxc3 20.Qxc3 bxc4 21.Nxc4 Nd7 22.f4 O-O
23.Nxe5 Nxe5 24.fxe5 Re8 25.Bc4 Qxe5 26.Qxe5 Rxe5 27.Rxf7 Rxe4 28.Rf4+ Rxc4
29.Rxc4 Kf8 30.Kg1 Ke7 31.Rd4 Ba6 32.Kf2 Ke6 33.Ke3 Bf1 34.Rd2 Ke5 35.Rc2 Kd5
36.Rc5+ Kd6 37.g3 Bg2 38.Kd4 Ke6 39.Re5+ Kf6 40.Ra5 g5 41.Ra6 Kf5 42.Kc5 Kg4
43.Rxc6  1-0

[Event "13th FIDE Open"]
[Site "Voronezh RUS"]
[Date "2009.06.16"]
[Round "5"]
[White "Chernyshova,N"]
[Black "Gritsenko,V"]
[Result "0-1"]
[WhiteElo "1955"]
[BlackElo "2245"]

1.e4 c5 2.Nf3 e6 3.d4 cxd4 4.Nxd4 a6 5.Bd3 d6 6.O-O Nf6 7.a4 Nc6 8.Be3 Be7
9.Nc3 O-O 10.Kh1 e5 11.Nb3 b6 12.Bc4 Nb4 13.f3 Qc7 14.Be2 Bb7 15.a5 b5 16.Bb6 Qc6
17.Qd2 d5 18.Qg5 Bd6 19.exd5 Nfxd5 20.Nxd5 Nxd5 21.c4 bxc4 22.Rac1 Nxb6 23.axb6 Qxb6
24.Bxc4 Rac8 25.Rfd1 Rxc4 26.Rxc4 Qxb3 27.Qc1 Qb6 28.Qc2 g6 29.Qd2 Bc5 30.Qd7 Bc6
31.Qd2 Bb5 32.Re4 Qf6 33.Qd5 Be7 34.Qxe5 Qxe5 35.Rxe5 Bf6 36.Rc5 Bxb2 37.g3 Re8
38.Rdd5 Kg7 39.Rxb5 axb5  0-1

[Event "13th Master Open"]
[Site "Voronezh RUS"]
[Date "2009.06.17"]
[Round "6"]
[White "Rodin,D"]
[Black "Romanov,E"]
[Result "1/2-1/2"]
[WhiteElo "2428"]
[BlackElo "2589"]

1.e4 c5 2.Nf3 e6 3.d4 cxd4 4.Nxd4 a6 5.Bd3 d5 6.exd5 Qxd5 7.O-O Nd7 8.Be3 Bc5
9.Nc3 Qe5 10.Nf3 Qc7 11.Re1 Bxe3 12.Rxe3 Ngf6 13.Ng5 b6 14.Qf3 Bb7 15.Qh3 Nc5
16.Bf1 Qf4 17.Qg3 Qxg3 18.hxg3 Ke7 19.b4 Ncd7 20.Rd1 Rhc8 21.f3 Rc7 22.a3 Rac8
23.Nge4 b5 24.a4 Bxe4 25.Nxe4 Nd5 26.Ra3 f5 27.Nf2 bxa4 28.Bxa6 Ra8 29.b5 N7b6
30.Rc1 Nc3 31.Re1 Ncd5 32.Rc1 Nc4 33.Raa1 Nc3 34.Re1 a3 35.Nd3 Kf6 36.Nb4 g5
37.b6 Nxb6 38.Rxa3 Nbd5 39.Nd3 e5 40.Rxe5 Rca7 41.Rxc3 Nxc3 42.Bc4 Rc8 43.Re6+ Kg7
44.Ne5 f4 45.gxf4 gxf4 46.Kh2 Nd1 47.Bb3 Rf8 48.Nd3 Nc3 49.Re5 Rf6 50.Rg5+ Kh6
51.Re5 Nb1 52.Nf2 Kg6 53.Bc4 Nc3  1/2-1/2

[Event "13th Master Open"]
[Site "Voronezh RUS"]
[Date "2009.06.17"]
[Round "6"]
[White "Rysbayeva,A"]
[Black "Kostin,Alexe"]
[Result "1/2-1/2"]
[WhiteElo "2167"]
[BlackElo "2353"]

1.e4 c5 2.Nf3 e6 3.d4 cxd4 4.Nxd4 a6 5.Bd3 Nf6 6.O-O Qc7 7.Qe2 d6 8.c4 Nbd7
9.f4 Be7 10.Nc3 b6 11.Kh1 Bb7 12.Bd2 Rd8 13.Rae1 O-O 14.Nf3 Qb8 15.b4 Qa8
16.a3 g6 17.Ng5 Rfe8 18.Qf2 Bf8 19.e5 Ng4 20.Qg3 Nh6 21.Nce4 Nf5 22.Qh3 h6
23.Nf3 dxe5 24.fxe5 Bg7 25.Bf4 Nc5 26.Nf6+ Bxf6 27.Bxf5 Bg7 28.Bxg6 fxg6
29.bxc5 Bxf3 30.Rxf3 g5 31.Be3 bxc5 32.Bxc5 Rc8 33.Bd6 Rxc4 34.Qh5 Qc6 35.h3 Kh7
36.Rf7 Rh4 37.Qf3 Qxf3 38.Rxf3 Kg6 39.Rc1 Re4 40.Rc5 h5 41.Rb3 g4 42.Rc6 a5
43.Rc5 Bh6 44.Rxa5 Re1+ 45.Kh2 Bf4+ 46.g3 Re2+ 47.Kh1 Be3 48.hxg4 hxg4 49.Rb8 Rxb8
50.Bxb8 Kf5 51.Ra4 Bf2 52.Kg2 Be3+ 53.Kh1 Ra2 54.Bd6 Bc1 55.Rc4 Bxa3 56.Rf4+ Kg5
57.Bxa3 Rxa3 58.Rf6 Rxg3 59.Rxe6 Re3 60.Re8 Kf4 61.Kg2 Re2+ 62.Kf1 Rxe5 63.Rxe5 Kxe5  1/2-1/2

[Event "XLIV Capablanca Memorial Open"]
[Site "Havana CUB"]
[Date "2009.06.18"]
[Round "10"]
[White "Alarcon,Rol"]
[Black "Lorenzana,W"]
[Result "1-0"]
[WhiteElo "2367"]
[BlackElo "2215"]

1.e4 c5 2.Nf3 e6 3.d4 cxd4 4.Nxd4 a6 5.Bd3 Bc5 6.c3 d6 7.O-O Nf6 8.Qe2 e5
9.Nb3 Ba7 10.Be3 Nc6 11.Bxa7 Rxa7 12.N1d2 O-O 13.Nc4 b5 14.Ne3 Be6 15.Rfd1 Qb6
16.Bc2 Rd8 17.Nd2 g6 18.Qf3 Kg7 19.Ndf1 Ne7 20.Bb3 Bxb3 21.axb3 Qc6 22.Ng3 d5
23.exd5 Qc7 24.c4 Qc5 25.Qxf6+  1-0

[Event "VI Moncada Elite"]
[Site "Santiago de Cuba CUB"]
[Date "2009.06.18"]
[Round "4"]
[White "Diaz Ordonez,C"]
[Black "Arias,Le"]
[Result "1/2-1/2"]
[WhiteElo "2347"]
[BlackElo "2406"]

1.e4 c5 2.Nf3 e6 3.d4 cxd4 4.Nxd4 a6 5.Bd3 Ne7 6.O-O Nbc6 7.Nb3 Ng6 8.Nc3 Be7
9.f4 d6 10.Be3 O-O 11.Qh5 Re8 12.Rf3 Nf8 13.Rd1 g6 14.Qh6 Bf6 15.g4 Bg7 16.Qh3 Qe7
17.Rdf1 b5 18.f5 f6 19.Nd4 Ne5 20.R3f2 b4 21.Nce2 exf5 22.gxf5 g5 23.Qg3 h6
24.h4 Nh7 25.Rg2 d5 26.hxg5 hxg5 27.Rh2 Nxd3 28.cxd3 dxe4 29.Qh3 Nf8 30.dxe4 Qxe4
31.Bf2 Bb7 32.Ng3 Qd3 33.Qg4 Rac8 34.Rd1 Qc4 35.Nh5 Bh8 36.Nf4 Bg7 37.Nfe6 Nxe6
38.fxe6 Rcd8 39.Qh5 Rxe6 40.Qh7+ Kf7 41.Qh5+ Kg8 42.Qh7+ Kf7  1/2-1/2

[Event "Open"]
[Site "Teplice CZE"]
[Date "2009.06.20"]
[Round "8"]
[White "Rubes,J"]
[Black "Klement,L"]
[Result "1/2-1/2"]
[WhiteElo "1932"]
[BlackElo "2080"]

1.e4 c5 2.Nf3 e6 3.d4 cxd4 4.Nxd4 a6 5.Bd3 Qc7 6.O-O Nf6 7.Nc3 d6 8.Kh1 Be7
9.f4 Nbd7 10.Qf3 O-O 11.Qh3 Re8 12.Be3 Nf8 13.Nf3 b5 14.e5 N6d7 15.exd6 Qxd6
16.Rad1 Qc7 17.Ne4 Bb7 18.f5 exf5 19.Qxf5 Nf6 20.Nfg5 h6 21.Nxf6+ Bxf6 22.Ne4 Bxe4
23.Bxe4 Rad8 24.Rxd8 Qxd8 25.Bg1 Re5 26.Qf3 Qe7 27.Bd3 Re1 28.b3 Rxf1 29.Qxf1 Qa3
30.Qb1 Bc3 31.h3 Ne6 32.Be3 Qb4 33.Qc1 Qh4 34.Qf1 Be5 35.Qf2 Bg3 36.Qf3 g6
37.Qg4 Qxg4 38.hxg4 Bf4 39.Bb6 Bc7 40.Be3 Bd6 41.Kg1 Bc5 42.Kf2 Kf8 43.a4 bxa4
44.bxa4 a5 45.Bb5 Ke7 46.Bxc5+ Nxc5 47.Ke3  1/2-1/2

[Event "13th Master Open"]
[Site "Voronezh RUS"]
[Date "2009.06.20"]
[Round "9"]
[White "Solodovnichenko,Y"]
[Black "Tunik,G"]
[Result "0-1"]
[WhiteElo "2564"]
[BlackElo "2499"]

1.e4 c5 2.Nf3 e6 3.d4 cxd4 4.Nxd4 a6 5.Bd3 Bc5 6.Nb3 Be7 7.Qg4 g6 8.Qe2 d6
9.O-O Nd7 10.Na3 Ne5 11.h3 Bd7 12.Rd1 Rc8 13.Bd2 Qc7 14.Rac1 Qb8 15.Na5 Nf6
16.Bh6 b5 17.Kh1 Bf8 18.Bd2 Bg7 19.c4 O-O 20.cxb5 Nxd3 21.Qxd3 axb5 22.Bb4 Rxc1
23.Rxc1 Rc8 24.Rxc8+ Qxc8 25.Bxd6 Qc1+ 26.Kh2 Qxb2 27.f3 Qxa2 28.Nb7 Qb2
29.Nc5 Be8 30.Qe3 h5 31.Nd3 Qc3 32.Nb1 Qc6 33.Be5 h4 34.Qd4 Qd7 35.Qc3 Nh5
36.Bxg7 Nxg7 37.Nd2 Nh5 38.e5 Ng3 39.Ne4 Nxe4 40.fxe4 Qa7 41.Nc5 Qe7 42.g3 hxg3+
43.Kxg3 Qg5+ 44.Kf3 b4 45.Qd4 Kg7 46.Qxb4 Qxe5 47.Nd3 Qf6+ 48.Ke3 Bc6 49.Qc5 Ba4
50.Kd2 Qa1 51.Qg5 Qd4 52.Qa5 Bc6 53.Qc5 Qxe4 54.Kc3 Bd5 55.Nf2 Qf3+ 56.Kb4 Qf4+
57.Ka5 Qd2+ 58.Kb6 e5 59.Kc7 Qd4 60.Qd6 Qa7+ 61.Kd8 Qxf2 62.Ke8 Qf6  0-1

[Event "SCT GM"]
[Site "Stockholm SWE"]
[Date "2009.06.21"]
[Round "5"]
[White "Furhoff,J"]
[Black "Cramling,D"]
[Result "1/2-1/2"]
[WhiteElo "2413"]
[BlackElo "2409"]

1.e4 c5 2.Nf3 e6 3.d4 cxd4 4.Nxd4 a6 5.Bd3 Bc5 6.Be3 d6 7.O-O Ne7 8.Nd2 O-O
9.c3 Nd7 10.Kh1 e5 11.Nc2 d5 12.Qh5 Nf6 13.Qxe5 Bd6 14.Qd4 Nc6 15.Qa4 Bd7
16.Qb3 Ne5 17.c4 Nfg4 18.h3 Qh4 19.Be2 dxc4 20.Nxc4 Be6 21.f4 Nxc4 22.Bxc4 Nxe3
23.Nxe3 Bxc4 24.Qxc4 Bxf4 25.e5 Bg5 26.Qxh4 Bxh4 27.Nf5 Bg5 28.Rad1 Rfd8
29.Nd6 Rd7 30.Rd3 Rad8 31.Rb3 b5 32.Ra3  1/2-1/2

[Event "Oceania Zonal"]
[Site "Gold Coast AUS"]
[Date "2009.06.22"]
[Round "5"]
[White "Garbett,P"]
[Black "Nakauchi,G"]
[Result "1-0"]
[WhiteElo "2319"]
[BlackElo "2076"]

1.e4 c5 2.Nf3 e6 3.d4 cxd4 4.Nxd4 a6 5.Bd3 Bc5 6.Nb3 Be7 7.c4 d6 8.Nc3 Nf6
9.Qe2 O-O 10.O-O b6 11.Bd2 Bb7 12.Rae1 Nbd7 13.f4 Rc8 14.Rf3 e5 15.f5 Re8
16.Kh1 Qc7 17.Rg1 Bf8 18.g4 b5 19.cxb5 d5 20.bxa6 Ba8 21.g5 dxe4 22.Nxe4 Nd5
23.Rc1 Qb6 24.Rxc8 Rxc8 25.Rf1 Bb4 26.h4 Bxd2 27.Qxd2 Nf4 28.Bb1 Qxa6 29.Rd1 Qa4
30.Qe3 Nc5 31.Rc1 h6 32.Kh2 Nfd3 33.Bxd3 Qxa2 34.Nbxc5 Bxe4 35.Qxe4 Qxb2+
36.Rc2 Qa3 37.Qa4 Qxa4 38.Nxa4 Rd8 39.Nb2 hxg5 40.hxg5 g6 41.fxg6 fxg6 42.Bxg6 Kg7
43.Be4 Rd7 44.Kg3 Rf7 45.Nd3 Re7 46.Kg4 Ra7 47.Nxe5 Re7 48.Kf5 Ra7  1-0

[Event "zt 2.3"]
[Site "San Jose CRC"]
[Date "2009.06.24"]
[Round "9"]
[White "Echavarria,J"]
[Black "Soto Paez,O"]
[Result "0-1"]
[WhiteElo "2379"]
[BlackElo "2388"]

1.e4 c5 2.Nf3 e6 3.d4 cxd4 4.Nxd4 a6 5.Bd3 Bc5 6.Nb3 Be7 7.f4 d6 8.Be3 Nf6
9.Qf3 Nc6 10.Nc3 Qc7 11.g4 Nd7 12.O-O-O Bf6 13.Ne2 Nb4 14.Kb1 d5 15.e5 Be7
16.Rhe1 b6 17.Ned4 Ra7 18.Bd2 Nxd3 19.cxd3 O-O 20.f5 Bc5 21.Bf4 Re8 22.Rc1 Qb7
23.h4 Bf8 24.h5 Nc5 25.f6 Qd7 26.fxg7 Be7 27.h6 a5 28.Rc2 Ba6 29.Nc1 Rc7
30.Rf2 Bh4 31.Bg3 Bg5 32.Nde2 Bxh6 33.Rh2 Bxg7 34.Reh1 Rf8 35.g5 Qb5 36.Nd4 Qb4
37.Rxh7 f6 38.exf6 Nxd3 39.Nxd3 Qxd4 40.Ne5 Qd2 41.Rxg7+ Rxg7 42.Rd1 Qxg5
43.f7+ Rfxf7 44.Nxf7 Qxg3 45.Nh6+ Kh7 46.Qh1 Qg6+ 47.Ka1 Qxh6 48.Qf3 Rc7
49.Kb1 Qg6+ 50.Ka1 Qg5 51.Qh1+ Qh6 52.Qg1 Be2 53.Re1 d4 54.a3 e5 55.Ka2 Bc4+
56.Ka1 Bf7 57.Qf1 Qe6 58.Qh1+ Kg7 59.Qg2+ Kf8 60.b3 Qxb3 61.Qa8+ Ke7 62.Rxe5+ Kd7  0-1

[Event "Petr Izmailov Mem"]
[Site "Tomsk RUS"]
[Date "2009.06.27"]
[Round "4"]
[White "Usatov,V"]
[Black "Ismailov,M"]
[Result "1-0"]
[WhiteElo "2157"]
[BlackElo "2037"]

1.e4 c5 2.Nf3 e6 3.d4 cxd4 4.Nxd4 a6 5.Bd3 Qc7 6.c4 Nf6 7.Qe2 d6 8.O-O g6
9.b3 Bg7 10.Bb2 Nbd7 11.f4 e5 12.Nf3 exf4 13.e5 dxe5 14.Nxe5 O-O 15.Nxd7 Bxd7
16.Nc3 Rfe8 17.Qf2 Ng4 18.Qd2 Bd4+ 19.Kh1 Be3 20.Nd5 Qd8 21.Qc3 Re5 22.Be2 f6
23.Bxg4 Bxg4 24.Nxf6+ Qxf6 25.Qxe5 Qxe5 26.Bxe5 g5 27.h3 Bh5 28.g3 Be2 29.gxf4 Bxf1
30.Rxf1 gxf4 31.Kg2 Rd8 32.Bxf4 Rd2+ 33.Kf3 Bxf4 34.Kxf4 Rxa2 35.Ke4 Rd2
36.Rf5 Rd6 37.Rd5 Re6+ 38.Kf5 Rb6 39.Rd3 Kg7 40.Ke5 Kg6 41.Rd6+  1-0